Ekonomické náklady súvisiace s násilím – prípad Latinskej Ameriky a Karibiku
Miera kriminality a násilia v štátoch Latinskej Ameriky a Karibiku a jej dôsledky na ekonomické náklady krajín.
Salvato in:
| Autore principale: | |
|---|---|
| Natura: | Capitolo di libro |
| Lingua: | slovacco |
| Soggetti: | |
| Tags: |
Nessun Tag, puoi essere il primo ad aggiungerne!!
|
MARC
| LEADER | 00000naa$a2200000$$$4500 | ||
|---|---|---|---|
| 001 | 0290392 | ||
| 005 | 20240502074449.8 | ||
| 041 | 0 | |a slo | |
| 044 | |a SK | ||
| 245 | 1 | 0 | |a Ekonomické náklady súvisiace s násilím – prípad Latinskej Ameriky a Karibiku |c Barbora Janubová |
| 520 | |a Miera kriminality a násilia v štátoch Latinskej Ameriky a Karibiku a jej dôsledky na ekonomické náklady krajín. | ||
| 610 | 2 | 0 | |a náklady |
| 610 | 2 | 0 | |a kriminalita |
| 610 | 2 | 0 | |a Karibská oblasť |
| 610 | 2 | 0 | |a Latinská Amerika |
| 100 | 1 | |a Janubová, Barbora, 1991- | |